000 00727nam a22002055i 4500
001 157402
003 ES-MaACL
005 20250806033656.0
008 040823s1894 xxk |||| | eng d
040 _aCAM
_bspa
_cCAM
100 1 _aLecky, William Edward Hartpole.
_971080
245 1 0 _aHistory of European morals
_b: from Augustus to Charlemagne /
_cby William Edward Hartpole Lecky.
250 _a11th ed.
260 _aLondon :
_bLongmans, Green and Co.,
_c1894 (
_fSpottiswoode and Co.)
300 _a2 v. (XXIV, 468 ; 407 p.) ;
_c18 cm.
650 0 0 _aÉtica-
_zEuropa
_9222785
752 _aGran Bretaña -
_cLondres
852 _aES-MaACL
_jG-11269-11270
_z-- Enc. ed. en tela
999 _c157402
_d157402